El cerebro adicto : la adicción como camino /
Contiene: 1) La enfermedad de la adicción. 2) El cerebro adicto. ¿Qué es la adicción?. 3) Un código en la enfermnedad de la adicción. 4) Las drogas. Los efectos de las drogas en el cuerpo. 5) Trastornos de alimentación. 6) La adicción a la tecnología. 7) Ludopatía: adicción al juego. 8) La adicción...
Guardado en:
| Autor principal: | |
|---|---|
| Formato: | Libro |
| Idioma: | Español |
| Publicado: |
Buenos Aires, Argentina :
Vértice de Ideas,
2020, c2020
|
| Temas: | |
| Acceso en línea: | Ver documento en línea |
| Etiquetas: |
Sin etiquetas, Sé el primero en etiquetar este registro!
|
MARC
| LEADER | 00000nam^a2200000^a^4500 | ||
|---|---|---|---|
| 001 | 000425165 | ||
| 005 | 20251023000000.0 | ||
| 009 | 20260310122709.839 | ||
| 022 | |a 9789874731449 | ||
| 037 | |a Acervo ITESO - Biblioteca | ||
| 041 | |a ESP | ||
| 082 | |a 616. 86 |b BER | ||
| 100 | |a Bergel, Fernando |e (autor) | ||
| 245 | 1 | 3 | |a El cerebro adicto : |b la adicción como camino / |c F. Bergel. |
| 264 | 4 | |a Buenos Aires, Argentina : |b Vértice de Ideas, |c 2020, c2020 | |
| 264 | 2 | |a Cartagena, España : |b Odilo [distribución], |c 2021 | |
| 300 | |a 1 libro electrónico en línea (268 p.) | ||
| 300 | |a 1 recurso en línea | ||
| 336 | |a datos para computadora |b cod |2 rdacontenido | ||
| 337 | |a computadora |b c |2 rdamedio | ||
| 338 | |a recurso en línea |b cr |2 rdasoporte | ||
| 506 | 1 | |a 1 licencia | |
| 520 | |a Contiene: 1) La enfermedad de la adicción. 2) El cerebro adicto. ¿Qué es la adicción?. 3) Un código en la enfermnedad de la adicción. 4) Las drogas. Los efectos de las drogas en el cuerpo. 5) Trastornos de alimentación. 6) La adicción a la tecnología. 7) Ludopatía: adicción al juego. 8) La adicción al sexo y a las personas. 9) Los campos morfogenéticos. 10) La adicción como camino. 11) La humanidad y la adicción. 12) El metahombre. 13) La recuperación. 14) Las creencias. 15) El lente de la consciencia. 16) Las cuatro categorías de la higiene del gozo. 17) No sigas lo que sientes. 18) El corte del circuito del amor en las generaciones anteriores. | ||
| 521 | |a Odilo 2021 EEnlace Departamento de Psicología, Educación y Salud | ||
| 649 | |a XX | ||
| 650 | |a Neurotransmisores | ||
| 650 | |a Cerebro - |x Enfermedades - |x Tema Principal | ||
| 650 | |a Drogas | ||
| 650 | |a Drogadicción | ||
| 650 | |a Adicción al Sexo | ||
| 650 | |a Ludopatía | ||
| 650 | |a Adicciones - |x Tratamiento - |x Tema Principal | ||
| 650 | |a Adicciones - |x Tema Principal | ||
| 650 | |a Trastornos de la Alimentación | ||
| 650 | |a Trastornos de Conducta | ||
| 650 | |a Psicopatología | ||
| 650 | |a Psicología Clínica | ||
| 856 | 4 | 0 | |u https://iteso-odilotk-es.ezproxy.iteso.mx/opac?id=01879303 |y Ver documento en línea |
| 910 | |a Fondo General | ||
| 920 | |a Electrónicos - Libros en Línea | ||
| 930 | |a Plataforma Digital | ||
| 905 | |a 205 | ||
| 901 | |a 425165-1 |b IT2 |c EBO |i C174015 |u 20250521 | ||
| 902 | |a https://opac.biblio.iteso.mx/vufind/Record/000425165 | ||